ELEMENTARY FORMS OF THE RELIGIOUS LIFE (Record no. 20933)
[ view plain ]
| 000 -LEADER | |
|---|---|
| fixed length control field | 00333nam a2200133Ia 4500 |
| 008 - FIXED-LENGTH DATA ELEMENTS--GENERAL INFORMATION | |
| fixed length control field | 240624s9999 xx 000 0 und d |
| 041 ## - LANGUAGE CODE | |
| Language code of text/sound track or separate title | eng |
| 082 ## - DEWEY DECIMAL CLASSIFICATION NUMBER | |
| Classification number | 200 DUR |
| 100 ## - MAIN ENTRY--PERSONAL NAME | |
| Personal name | DURKHEIM EMILE |
| 245 ## - TITLE STATEMENT | |
| Title | ELEMENTARY FORMS OF THE RELIGIOUS LIFE |
| 260 ## - PUBLICATION, DISTRIBUTION, ETC. | |
| Date of publication, distribution, etc. | 2008 |
| Place of publication, distribution, etc. | London |
| Name of publisher, distributor, etc. | Dover Publications |
| 300 ## - PHYSICAL DESCRIPTION | |
| Extent | 480 : p. |
| 365 ## - TRADE PRICE | |
| Currency code | |
| Price amount | 26 |
| Withdrawn status | Lost status | Damaged status | Not for loan | Home library | Current library | Shelving location | Date acquired | Source of acquisition | Cost, normal purchase price | Full call number | Barcode | Date last seen | Copy number | Price effective from | Koha item type |
|---|---|---|---|---|---|---|---|---|---|---|---|---|---|---|---|
| IMTN | IMTN | Rack 4-A | 01/31/2013 | IBH | 12.95 | 200 DUR | 20933 | 06/24/2024 | 57.6 | 06/24/2024 | Books |